000 00874nam a2200181Ia 4500
008 100917s9999 xx 000 0 und d
082 _b56466
100 _aश्रीकृष्णपंत शास्त्री
245 _aब्रह्मसूत्र शांकरभाष्य - रत्नप्रभा भाषानुवाद सहीत
260 _bअच्यत ग्रंथ माला
_c---
300 _a919
365 _b0
520 _aअध्यात्म
630 _aब्रह्मसूत्र शांकरभाष्य - रत्नप्रभा भाषानुवाद सहीत
650 _aअध्यात्म
730 _aब्रह्मसूत्र शांकरभाष्य - रत्नप्रभा भाषानुवाद सहीत
942 _cBOOK
999 _c661860
_d661857